300 Famous Actors - Statistics

General Stats
  • This quiz has been taken 86 times
  • The average score is 91 of 300
Answer Stats
Movies/ Shows Actor % Correct
Donnie Brasco, Scarface, The Godfather Al Pacino
78%
Inglourious Basterds, Moneyball, Seven Brad Pitt
72%
The Elephant Man, The Silence of the Lambs, Thor Anthony Hopkins
66%
Armageddon, Gone Girl, Good Will Hunting Ben Affleck
66%
Predator, The Terminator, Total Recall Arnold Schwarzenegger
64%
Gandhi, Schindler's List, Shutter Island Ben Kingsley
64%
Doctor Strange, Sherlock, The Imitation Game Benedict Cumberbatch
61%
Good Will Hunting, Jason Bourne, Ocean's Eleven Matt Damon
61%
American Sniper, Maestro, Silver Linings Playbook Bradley Cooper
59%
Die Hard, Looper, Pulp Fiction Bruce Willis
59%
Dirty Harry, Million Dollar Baby, The Good The Bad and the Ugly Clint Eastwood
59%
Ace Ventura: Pet Detective, Dumb and Dumber, The Truman Show Jim Carrey
59%
Dead Poet's Society, Good Will Hunting, Mrs. Doubtfire Robin Williams
59%
Raiders of the Lost Ark, Star Wars, The Fugitive Harrison Ford
58%
Ali, Django Unchained, Ray Jamie Foxx
58%
Grease, Pulp Fiction, The People vs OJ Simpson John Travolta
58%
Night at the Museum, Reality Bites, Tropic Thunder Ben Stiller
56%
About Schmidt, One Flew Over the Cuckoo's Nest, The Shining Jack Nicholson
56%
Gladiator, Joker, Signs Joaquin Phoenix
56%
A Nightmare on Elm Street, Donnie Brasco, Pirates of the Carribean Johnny Depp
56%
Erin Brockovich, Ocean's Eleven, Pretty Woman Julia Roberts
56%
American Beauty, House of Cards, Seven Kevin Spacey
56%
Batman, Beetlejuice, Birdman Michael Keaton
56%
Meet the Parents, Raging Bull, Taxi Driver Robert De Niro
56%
Mission: Impossible, Top Gun, Tropic Thunder Tom Cruise
56%
Rain Man, Runaway Jury, The Graduate Dustin Hoffman
55%
American History X, Birdman, Fight Club Edward Norton
55%
A Star Is Born, American Horror Story, Joker Folie a Deux Lady Gaga
55%
Schindler's List, Taken, The Commuter Liam Neeson
55%
Captain Phillips, Forrest Gump, The Money Pit Tom Hanks
55%
I Am Legend, Independence Day, Men in Black Will Smith
55%
Peaky Blinders, The Darjeeling Limited, The Pianist Adrien Brody
53%
Desperado, Puss in Boots, Spy Kids Antonio Banderas
53%
Batman Returns, It's Always Sunny in Philadelphia, Twins Danny DeVito
53%
Catwoman, Jungle Fever, Monster's Ball Halle Berry
53%
Lethal Weapon, Mad Max, Signs Mel Gibson
53%
American Psychoy Batman Begins, Empire of the Sun Christian Bale
52%
Fences, Glory, Training Day Denzel Washington
52%
Beverly Hills Cop, Coming to America, Dolemite Is My Name Eddie Murphy
52%
Doubt, Julie & Julia, Sophie's Choice Meryl Streep
52%
Driving Miss Daisy, Glory, The Shawshank Redemption Morgan Freeman
52%
Face/Off, Leaving Las Vegas, Mandy Nicolas Cage
52%
Funny People, The Longest Yard, The Wedding Singer Adam Sandler
50%
Arrival, Julie & Julia, Man of Steel Amy Adams
50%
Good Will Hunting, Manchester By the Sea, Ocean's Eleven Casey Affleck
50%
Hot Shots, Platoon, Wall Street Charlie Sheen
50%
Nyad, Taxi Driver, The Silence of the Lambs Jodie Foster
50%
Bill & Ted's Excellent Adventure, Constantine, John Wick Keanu Reeves
50%
A Beautiful Mind, Gladiator, The Nice Guys Russell Crowe
50%
Bird Box, Gravity, The Proposal Sandra Bullock
50%
Doom Patrol, The Mummy, The Whale Brendan Fraser
48%
Charlie's Angels, Gangs of New York, Shrek Cameron Diaz
48%
From Dusk Till Dawn, Ocean's Eleven, The Descendants George Clooney
48%
Donnie Darko, Nightcrawler, Southpaw Jake Gyllenhaal
48%
The Big Lebowski, Tron, True Grit Jeff Bridges
48%
Independence Day, Jurassic Park, The Fly Jeff Goldblum
48%
Apocalypse Now, Superman, The Godfather Marlon Brando
48%
Capote, Doubt, The Big Lebowski Philip Seymour Hoffman
48%
Arrival, Black Panther, The Last King of Scotland Forest Whitaker
47%
Fargo, Primal Fear, Three Billboards Outside Ebbing Missouri Frances McDormand
47%
Nacho Libre, School of Rock, Tropic Thunder Jack Black
47%
Passengers, Silver Linings Playbook, The Hunger Games Jennifer Lawrence
47%
A Few Good Men, Footloose, JFK Kevin Bacon
47%
Dirty Dancing, Keeping Mum, Road House Patrick Swayze
47%
Chaplin, Oppenheimer, Tropic Thunder Robert Downey Jr.
47%
Johnny English, Man vs Bee, Mr. Bean Rowan Atkinson
47%
Sister Act, The Color Purple, The Long Walk Home Whoopi Goldberg
47%
Django Unchained, Inglourious Basterds, Most Dangerous Game Christoph Waltz
45%
28 Days Later, Batman Begins, Peaky Blinders Cillian Murphy
45%
Easy A, Poor Things, Zombieland Emma Stone
45%
Bram Stoker's Dracula, Darkest Hour, Harry Potter Gary Oldman
45%
Insomnia, Million Dollar Baby, The Resident Hilary Swank
45%
10 Cloverfield Lane, Roseanne, The Big Lebowski John Goodman
45%
Django Unchained, The Quick and the Dead, The Wolf of Wall Street Leonardo DiCaprio
45%
Schindler's List, The Grand Budapest Hotel, The Menu Ralph Fiennes
45%
Black Widow, Jojo Rabbit, Lost in Translation Scarlett Johansson
45%
Dr. No, Finding Forrester, Indiana Jones and the Last Crusade Sean Connery
45%
Alien, Ghostbusters, The Meyerowitz Stories Sigourney Weaver
45%
Argo, Breaking Bad, Malcolm in the Middle Bryan Cranston
44%
Lethal Weapon, Predator 2, The Color Purple Danny Glover
44%
Dead Poet's Society, The Purge, Training Day Ethan Hawke
44%
127 Hours, Spider-Man, The Interview James Franco
44%
Aquaman, Game of Thrones, Slumberland Jason Momoa
44%
Being John Malkovich, Con Air, Empire of the Sun John Malkovich
44%
Rio Bravo, The War Wagon, True Grit John Wayne
44%
American Horror Story, Home Alone, Richie Rich Macaulay Culkin
44%
Men in Black, The Fugitive, The Sunset Limited Tommy Lee Jones
44%
Everything Everywhere All at Once, Halloween, True Lies Jamie Lee Curtis
42%
About Schmidt, American Horror Story, Misery Kathy Bates
42%
Basic Instinct, Falling Down, Wall Street Michael Douglas
42%
GoldenEye, Mrs. Doubtfire, Robinson Crusoe Pierce Brosnan
42%
Mystic River, The Shawshank Redemption, Top Gun Tim Robbins
42%
Hacksaw Ridge, The Amazing Spider-Man, The Social Network Andrew Garfield
41%
Catch Me If You Can, The Deer Hunter, True Romance Christopher Walken
41%
A Few Good Men, Blame It On Rio, G.I. Jane Demi Moore
41%
Harry Potter, Little Women, The Circle Emma Watson
41%
A League of Their Own, Beetlejuice, Thelma & Louise Geena Davis
41%
Adventureland, The Social Network, Zombieland Jesse Eisenberg
41%
Bombshell, Once Upon a Time in Hollywood, The Wolf of Wall Street Margot Robbie
41%
Arrested Development, Scott Pilgrim vs the World, Superbad Michael Cera
41%
Deadpool, Green Lantern, The Proposal Ryan Reynolds
41%
Borat, Bruno, The Trial of the Chicago 7 Sacha Baron Cohen
41%
Boogie Nights, Still Alice, The Lost World: Jurassic Park Julianne Moore
39%
First Blood, Rocky, The Expendables Sylvester Stallone
39%
Beetlejuice, Edward Scissorhands, Stranger Things Winona Ryder
39%
Breaking Bad, Exodus: Gods and Kings, Westworld Aaron Paul
38%
Interstellar, The Dark Knight Rises, The Intern Anne Hathaway
38%
Bombshell, Monster, The Italian Job Charlize Theron
38%
Back to the Future, Nobody, Who Framed Roger Rabbit Christopher Lloyd
38%
Poor Things, Shutter Island, Zodiac Mark Ruffalo
38%
Inglourious Basterds, Steve Jobs, X-Men: First Class Michael Fassbender
38%
Casualties of War, Mystic River, The Thin Red Line Sean Penn
38%
Gattaca, Kill Bill, Pulp Fiction Uma Thurman
38%
Scrooged, St. Vincent, Stripes Bill Murray
36%
Looper, Oppenheimer, Sicario Emily Blunt
36%
Melancholia, Spider-Man, The Power of the Dog Kirsten Dunst
36%
Night at the Museum, The Darjeeling Limited, Wedding Crashers Owen Wilson
36%
Basic Instinct, The Laundromat, The Quick and the Dead Sharon Stone
36%
Blade, Demolition Man, White Men Can't Jump Wesley Snipes
36%
Charlie's Angels, Santa Clarita Diet, The Wedding Singer Drew Barrymore
34%
Godzilla, WandaVision, Wind River Elizabeth Olsen
34%
Logan, Prisoners, Swordfish Hugh Jackman
34%
Apocalypse Now, Mystic River, The Matrix Laurence Fishburne
34%
Apocalypse Now, The Amazing Spider-Man, Wall Street Martin Sheen
34%
Black Swan, Family Guy, The Book of Eli Mila Kunis
34%
Jackie, Star Wars, Thor Natalie Portman
34%
Buffy the Vampire Slayer, I Know What You Did Last Summer, Scooby-Doo Sarah Michelle Gellar
34%
Kiss Kiss Bang Bang, The Doors, Top Gun Val Kilmer
34%
Captain Fantastic, Green Book, The Road Viggo Mortensen
34%
Beetlejuice, The Cooler, The Departed Alec Baldwin
33%
Split, The Menu, The Witch Anya Taylor-Joy
33%
Baywatch, Knight Rider, Kung Fury David Hasselhoff
33%
Being the Ricardos, Spider-Man, Whiplash J.K. Simmons
33%
Charlie's Angels, Kill Bill, Lucky Number Slevin Lucy Liu
33%
Green Book, House of Cards, Luke Cage Mahershala Ali
33%
Apocalypse Now, The Godfather, The Judge Robert Duvall
33%
Mission: Impossible 3, Shaun of the Dead, Star Trek Simon Pegg
33%
Dune, Euphoria, Malcolm & Marie Zendaya
33%
Batman Returns, Scarface, The Witches of Eastwick Michelle Pfeiffer
31%
Three Billboards Outside Ebbing Missouri, True Detective, Zombieland Woody Harrelson
31%
Iron Man 3, L.A. Confidential, Memento Guy Pearce
30%
Bad Lieutenant, Reservoir Dogs, Taxi Driver Harvey Keitel
30%
Big Trouble in Little China, Tango & Cash, The Hateful Eight Kurt Russell
30%
Inland Empire, Jurassic Park, Little Women Laura Dern
30%
Blade Runner 2049, Drive, The Nice Guys Ryan Gosling
30%
Fences, How to Get Away with Murder, Ma Rainey's Black Bottom Viola Davis
30%
Just Mercy, Room, Scott Pilgrim vs the World Brie Larson
28%
Bloodsport, Kickboxer, Universal Soldier Jean-Claude Van Damme
28%
Avengers: Infinity War, Sicario, The Goonies Josh Brolin
28%
Fargo, Sherlock, The World's End Martin Freeman
28%
Being the Ricardos, Bombshell, Days of Thunder Nicole Kidman
28%
The Last of Us, The Mandalorian, The Unbearable Weight of Massive Talent Pedro Pascal
28%
Cocaine Bear, Cop Land, Goodfellas Ray Liotta
28%
Deep Blue Sea, Jungle Fever, Pulp Fiction Samuel L. Jackson
28%
Honey Boy, The Peanut Butter Falcon, Transformers Shia LaBeouf
28%
Dogma, Everybody Hates Chris, Top Five Chris Rock
27%
Friday, Jackie Brown, Rush Hour Chris Tucker
27%
Lone Wolf McQuade, The Delta Force, Walker Texas Ranger Chuck Norris
27%
Central Intelligence, Die Hart, The Man From Toronto Kevin Hart
27%
A Time To Kill, Amistad, The Gentlemen Matthew McConaughey
27%
Birdman, Mulholland Drive, The Ring Naomi Watts
27%
Blade Runner 2049, Forrest Gump, Moneyball Robin Wright
27%
A Million Ways To Die in the West, Family Guy, Ted Seth MacFarlane
27%
Better Call Saul, Mr. Show w Bob & David, Nobody Bob Odenkirk
25%
Doctor Who, Harry Potter, Jessica Jones David Tennant
25%
Apocalypse Now, Easy Rider, True Romance Dennis Hopper
25%
Masters of the Universe, Rocky IV, Universal Soldier Dolph Lundgren
25%
Rogue One: A Star Wars Story, The Theory of Everything, True Story Felicity Jones
25%
Fantastic Four, Machete, Sin City Jessica Alba
25%
Platoon, Spider-Man, The Florida Project Willem Dafoe
25%
Little Miss Sunshine, Maggie, Zombieland Abigail Breslin
23%
A Few Good Men, Men of Honor, The People vs OJ Simpson Cuba Gooding Jr.
23%
Guns Akimbo, Miracle Workers, Weird: The Al Yankovic Story Daniel Radcliffe
23%
Manhattan, Morning Glory, The Godfather Diane Keaton
23%
American Fiction, The Batman, What If Jeffrey Wright
23%
Breaking Bad, Fargo, The Power of the Dog Jesse Plemons
23%
Here Comes the Boom, Kevin Can Wait, The King of Queens Kevin James
23%
Jojo Rabbit, The Green Mile, Three Billboards Outside Ebbing Missouri Sam Rockwell
23%
Funny People, Steve Jobs, The Interview Seth Rogen
23%
50/50, End of Watch, Pitch Perfect Anna Kendrick
22%
Breaking Bad, Desperado, Machete Danny Trejo
22%
American Horror Story, Monster: The Jeffrey Dahmer Story, WandaVision Evan Peters
22%
Friday, Ride Along, Three Kings Ice Cube
22%
50/50, Looper, Premium Rush Joseph Gordon-Levitt
22%
8 Mile, L.A Confidential, The Nice Guys Kim Basinger
22%
The Happening, The Other Guys, Three Kings Mark Wahlberg
22%
Hot Fuzz, Shaun of the Dead, The World's End Nick Frost
22%
Everybody Loves Raymond, Paddleton, The Irishman Ray Romano
22%
Fargo, Miracle Workers, Reservoir Dogs Steve Buscemi
22%
Invincible, Minari, The Walking Dead Steven Yeun
22%
Inception, Peaky Blinders, The Dark Knight Rises Tom Hardy
22%
Brawl In Cell Block 99, Starsky & Hutch, Wedding Crashers Vince Vaughn
22%
Edward Scissorhands, Little Miss Sunshine, The Kominsky Method Alan Arkin
20%
8 Mile, King of the Hill, Sin City Brittany Murphy
20%
Knives Out, Scott Pilgrim vs the World, Snowpiercer Chris Evans
20%
Kill Bill, Splash, Wall Street Daryl Hannah
20%
Django Unchained, Miami Vice, Nash Bridges Don Johnson
20%
Come to Daddy, Grand Piano, The Lord of the Rings Elijah Wood
20%
Annihilation, Single White Female, The Hateful Eight Jennifer Jason Leigh
20%
Donnie Darko, The Dark Knight, The Deuce Maggie Gyllenhaal
20%
Batman Begins, Get Carter, Mr. Morgan's Last Love Michael Caine
20%
Battleship, Ocean's Eight, This Is The End Rihanna
20%
Good Time, Tenet, The Batman Robert Pattinson
20%
Guardians of the Galaxy, Star Trek, The Terminal Zoe Saldana
20%
Nebraska, The Great Gatsby, The Hateful Eight Bruce Dern
19%
Predator, Rocky, The Mandalorians Carl Weathers
19%
Air Force One, Hillbilly Elegy, Hook Glenn Close
19%
Coming to America, Conan the Barbarian, Star Wars James Earl Jones
19%
Doctor Who, Guardians of the Galaxy, Jumanji: Welcome to the Jungle Karen Gillan
19%
All Is Lost, The Great Gatsby, The Natural Robert Redford
19%
Beauty and the Beast, Hellboy, Sons of Anarchy Ron Perlman
19%
Den of Thieves, Escape Plan, Get Rich or Die Tryin' 50 Cent
17%
Batman, Family Guy, The King of Queens Adam West
17%
Game of Thrones, Solo: A Star Wars Story, Terminator: Genisys Emilia Clarke
17%
1408, Being John Malkovich, Con Air John Cusack
17%
Little Miss Sunshine, Swiss Army Man, The Batman Paul Dano
17%
Nightcrawler, Sound of Metal, The Night Of Riz Ahmed
17%
Event Horizon, Jurassic Park, Peaky Blinders Sam Neill
17%
Above the Law, Machete, Under Siege Steven Seagal
17%
28 Days Later, Harry Potter, The Banshees of Inisherin Brendan Gleeson
16%
Drive, Inside Llewyn Davis, Space Man Carey Mulligan
16%
Andor, Elysium, The Terminal Diego Luna
16%
Adventureland, Personal Shopper, Still Alice Kristen Stewart
16%
Maid, Poor Things, The Nice Guys Margaret Qualley
16%
Asteroid City, Rumble Fish, The House That Jack Built Matt Dillon
16%
Five Nights At Freddy's, Scooby-Doo, Scream Matthew Lillard
16%
Full Metal Jacket, Stranger Things, The Dark Knight Rises Matthew Modine
16%
Green Lantern, The Green Mile, The Whole Nine Yards Michael Clarke Duncan
16%
Dogma, From Dusk Till Dawn, Thr Hitman's Bodyguard Salma Hayek
16%
Brooklyn Nine-Nine, Everybody Hates Chris, The Expendables Terry Crews
16%
After Earth, Mad Max: Fury Road, The Batman Zoe Kravitz
16%
It Could Happen To You, Jackie Brown, Single White Female Bridget Fonda
14%
50/50, Argylle, Jurassic World Bryce Dallas Howard
14%
Nerve, Now You See Me, The Disaster Artist Dave Franco
14%
Inglourious Basterds, National Treasure, Troy Diane Kruger
14%
Encino Man, Indiana Jones and the Temple of Doom, The Goonies Ke Huy Quan
14%
Batman, Regular Show, Star Wars Mark Hamill
14%
Donnie Brasco, Free Willy, Reservoir Dogs Michael Madsen
14%
Mad Max: Fury Road, Renfield, The Menu Nicholas Hoult
14%
After Life, Extras, The Invention of Lying Ricky Gervais
14%
The Commuter, The Conjuring, The Departed Vera Farmiga
14%
Full Metal Jacket, Jurassic World, Men in Black Vincent D'Onofrio
14%
Burn Notice, Congo, The Evil Dead Bruce Campbell
13%
Family Guy, Star Wars, The Burbs Carrie Fisher
13%
Gladiator, Guardians of the Galaxy, Shazam Djimon Hounsou
13%
American Heist, Jumper, Star Wars Hayden Christensen
13%
Asteroid City, Rushmore, The Darjeeling Limited Jason Schwartzman
13%
Sound of Freedom, The Passion of the Christ, The Thin Red Line Jim Caviezel
13%
Amsterdam, Tenet, The Creator John David Washington
13%
Crash, Empire, Iron Man Terrence Howard
13%
Fallout, The Hateful Eight, Vice Principals Walton Goggins
13%
Fargo, Pleasantville, The Cooler William H. Macy
13%
Deadpool 2, Joker, The Harder They Fall Zazie Beetz
13%
Gerald's Game, Spy Kids, The Fall of the House of Usher Carla Gugino
11%
Last Looks, Sons of Anarchy, The Gentlemen Charlie Hunnam
11%
Ip Man, John Wick 4, Rogue One: A Star Wars Story Donnie Yen
11%
Congo, Ghostbusters, The Crow Ernie Hudson
11%
Breaking Bad, The Boys, The Mandalorian Giancarlo Esposito
11%
Django Unchained, Lakeview Terrace, The Last King of Scotland Kerry Washington
11%
Arctic, Doctor Strange, Hannibal Mads Mikkelsen
11%
Courage Under Fire, Top Gun Meg Ryan
11%
The Boondock Saints, The Walking Dead, Triple 9 Norman Reedus
11%
Ratatouille, The King of Queens, Young Adult Patton Oswalt
11%
In the Line of Fire, Lethal Weapon 3, Nightcrawler Rene Russo
11%
The Punisher, The Walking Dead, The Wolf of Wall Street Jon Bernthal
9%
Big Eyes, Breaking Bad, Jessica Jones Krysten Ritter
9%
10 Cloverfield Lane, Ahsoka, Death Proof Mary Elizabeth Winstead
9%
Doctor Who, The Suicide Squad, World War Z Peter Capaldi
9%
Charmed, Planet Terror, Scream Rose McGowan
9%
Last Night in Soho, Leave No Trace, Old Thomasin McKenzie
9%
Justified, Once Upon a Time in Hollywoody Santa Clarita Diet Timothy Olyphant
9%
Freaks, Into the Wild, Once Upon a Time in Hollywood Emile Hirsch
8%
Knox Goes Away, Sonic the Hedgehog, X-Men James Marsden
8%
Most Dangerous Game, The Duel, The Hunger Games Liam Hemsworth
8%
Alita: Battle Angel, Bird Box, Brand New Cherry Flavor Rosa Salazar
8%
Gridlock'd, Juice, Poetic Justice Tupac Shakur
8%
Con Air, Dawn of the Dead, Pulp Fiction Ving Rhames
8%
Elysium, I Am Legend, The Suicide Squad Alice Braga
6%
Asteroid City, Downsizing, The Menu Hong Chau
6%
Big Trouble in Little China, Blade Runner, Everything Everywhere All At Once James Hong
6%
Inland Empire, Justice League, Red Sparrow Jeremy Irons
6%
Candyman, Night of the Living Dead, The Rock Tony Todd
6%
Runaway Train, The Coca Cola Kid, The Expendables Eric Roberts
5%
NYPD Blue, Sons of Anarchy, Star Wars Jimmy Smits
5%
Aliens, Pumpkinhead, The Terminator Lance Henriksen
5%
Machete, Resident Evil, S.W.A.T. Michelle Rodriguez
5%
Alligator, Breaking Bad, Jackie Brown Robert Forster
5%
Independence Day, Kill Bill, Two Can Play That Game Vivica A. Fox
5%
Horse Girl, The Disaster Artist, The Post Alison Brie
3%
Lethal Weapon 4, The Expendables, Unleashed Jet Li
3%
American Horror Story, Shutter Island, The Walking Dead John Carroll Lynch
3%
He Got Game, Kids, Sin City Rosario Dawson
3%
Bird Box, Father Stu, Silver Linings Playbook Jacki Weaver
2%
Chaplin, John Q., The Specialist James Woods
2%
Beyond the Law, Dogma, Men in Black Linda Fiorentino
2%
Batman Begins, Sons of Anarchy, The Mandalorian Mark Boone Jr.
2%
Godfather of Harlem, How High, The Wire Method Man
2%
Blow Out, Carrie, RoboCop Nancy Allen
2%
Accident Man, Doctor Strange, John Wick 4 Scott Adkins
2%
Cradle 2 the Grave, Exit Wounds, Never Die Alone DMX
0%
No matching quizzes found
Score Distribution
Percent of People with Each Score
Percentile by Number Answered
Your Score History
You have not taken this quiz